000 01852cam a2200313 i 4500
003 DO-SdBNP
005 20260223073259.0
007 ta
008 751003s1944 ag 000 f spa d
040 _aDO-SdBNP
_bspa
_cBNPHU
_erda
041 _aspa
082 4 _axxx
_bD724h
_222
100 _aDostoievski, Fiórdor,
_d1821-1881
_eautor
_4aut.
_984452
245 1 4 _aLos hermanos Karamazov :
_bnovela
_cFiórdor Dostoievski ; traducción, E. Miro
250 _asegunda edición
264 1 _aBuenos Aires, Argentina :
_bBiblioteca Mundial Sopena,
_c1944.
300 _a222 páginas ;
_c23 cm.
336 _atexto
_btxt
_2rdacontent
337 _asin mediación
_bn
_2rdamedia
338 _avolumen
_bnc
_2rdacarrier
520 _aEl discurso del gran inquisidor ocupa un lugar central en la arquitectura de la obra y el pensamiento de Fiódor Dostoievski, análogo al que ocupa El rey Lear en el universo de Shekespeare. El propósito y la fuerza poética de este texto son de tan múltiple riqueza y complejidad que puede interpretarse desde tantos puntos de vista diferentes como lectores tenga. En este memorable capítulo de Los hermanos Karamázov, que puede leerse con una obra filosófica completa en sí misma, Iván y Aliosha dialogan sobre la fe en Dios y la figura de Cristo, la libertad y la esclavitud del hombre, la compasión y la muerte. La presente edición se enmarca con una introducción de Antonio Lozano, la célebre interpretación de George Steiner en Tolstói o Dostoievski y comentarios al texto de Noam Chomsky y de Aldous Huzley.
590 _aInventariado, 2026/BT
700 1 _aMiro, E.,
_etraductor
_4tr.
_984436
700 1 _aSteiner, George,
_ecomentarios
_926088
700 1 _aHuxley, Aldous,
_ecomentarios
_984453
700 1 _aChomsky, Noam,
_ecomentarios
_944916
910 _aBtavárez
942 _2ddc
_cLBS1
999 _c60382
_d60382